000 00706nam a2200217 a 4500
999 _c4303
_d4303
001 4303
003 BD-JhCC
005 20200412134008.0
008 171126s2008 bg |||| ||a| 000 0 ben d
035 _a(BD-JhCC)4303
040 _aBD-JhCC
_dBD-JhCC
041 _aben
082 _a345.0235
_bISL 2008
100 _aইসলাম, মোঃ নূরুল
245 _aহিরন্ময় ইরাক বিধ্বস্ত কেন? /
_cমোঃ নূরুল ইসলাম,
260 _aঢাকা :
_bসায়েরা প্রিন্টিং মিডিয়া,
_c2008
300 _a415 p. :
_c24 cm.
650 _aIraq War
942 _2ddc
_cBK
_02